000 00450nam a2200181Ia 4500
005 20250603145831.0
008 250603s9999 xx 000 0 und d
020 _a9780749454838
050 _aBF 408 .A28/
100 _aAdair, John
245 4 _aThe art of creative thinking: how to be innovative and develop great ideas
260 _aLondon
260 _bKogan Page
260 _c2009
300 _a133 p
650 _aLondon
942 _cBK
999 _c42994
_d42994